|
|
|
|
| LEADER |
00000nab a2200000 a 4500 |
| 001 |
vtls009005605 |
| 003 |
SK-MaSNL |
| 005 |
20260303065707.0 |
| 008 |
140512c20070623xo dr|p|||||||000 b|slo |
| 015 |
|
|
|a SNBRB2007/07
|2 snkbucl
|
| 038 |
|
|
|a SNKBUCL
|
| 040 |
|
|
|a SNKBUCL
|b slo
|c SNKBUCL
|e AACR2
|
| 041 |
|
|
|a slo
|
| 044 |
|
|
|a xo
|c SK
|
| 080 |
|
|
|a 78.079:792.54
|2 1997
|
| 080 |
|
|
|a 792.54
|2 1997
|
| 100 |
1 |
|
|a Mojžišová, Michaela,
|d 1975-
|4 ivr
|9 16114
|
| 245 |
1 |
0 |
|a Amici má nos na spevákov
|c Michaela Mojžišová, Marián Vacho
|
| 300 |
|
|
|b Fotogr.
|
| 611 |
2 |
7 |
|a Zámocké hry zvolenské
|n (34. :
|d 2007 :
|c Zvolen, Slovensko)
|2 snkbucl
|9 120556
|
| 648 |
|
7 |
|a 2004
|2 snkbucl
|9 303492
|
| 650 |
0 |
7 |
|a operné divadlo
|2 snkbucl
|9 949697
|
| 650 |
0 |
7 |
|a opera
|2 snkbucl
|9 3212
|
| 650 |
0 |
7 |
|a divadelné festivaly a prehliadky
|2 snkbucl
|9 3350
|
| 651 |
|
7 |
|a Zvolen (Slovensko)
|2 snkbucl
|9 14595
|
| 700 |
1 |
|
|a Vacho, Marián
|4 ive
|9 1066102
|
| 773 |
0 |
|
|t Sme. Práca
|g Roč. 15, č. 144 (23.6.2007)
|x 1335-440X
|
| 773 |
0 |
|
|t Kultúra
|g S. 12
|
| 852 |
|
|
|a SNK
|b KIS3GCP
|
| 958 |
|
|
|a SK
|
| 999 |
|
|
|c 1752238
|d 1754168
|